| 000 | 01666cam a22004814i 4500 | ||
|---|---|---|---|
| 003 | PE-LiUPU | ||
| 005 | 20251015094307.0 | ||
| 008 | 190320s2017 maua r 000 0 eng d | ||
| 020 | _a1619708906 | ||
| 020 | _a9781619708907 | ||
| 035 | _a(Sirsi) a251992 | ||
| 040 |
_aPE-LiUPU _bspa _cPE-LiUPU _erda _dPE-LiUPU _erda |
||
| 049 | _aPRUA | ||
| 082 | 0 | 4 |
_a270.6 _bR3 _223 |
| 245 | 0 | 4 |
_aThe reformation then and now : _b25 years of modern reformation articles celebrating 500 years of the reformation / _cEric Landry and Michael S. Horton, editors. |
| 264 | 1 |
_aPeabody, Massachusetts : _bHendrickson Publishers Marketing, LLC, _c[2017]. |
|
| 300 |
_axi, 302 páginas ; _c24 centímetros |
||
| 336 |
_atext _2rdacontent |
||
| 337 |
_aunmediated _2rdamedia |
||
| 338 |
_avolume _2rdacarrier |
||
| 505 | 0 | _aThe cause -- The characters -- The consequences -- Is the reformation over? | |
| 526 | _aSEG42 | ||
| 526 | _aSEG41 | ||
| 526 | _aSEG40 | ||
| 526 | _aSEG39 | ||
| 526 | _aP94 | ||
| 526 | _aP87 | ||
| 526 | _aP86 | ||
| 526 | _aP85 | ||
| 526 | _aP77 | ||
| 526 | _aP76 | ||
| 526 | _aP35 | ||
| 650 | 0 | 0 |
_aReforma _91623 |
| 650 | 0 | 4 |
_aIglesia reformada _xDoctrinas. |
| 700 | 1 |
_aLandry, Eric, _eeditor. |
|
| 700 | 1 |
_aHorton, Michael Scott, _eeditor. |
|
| 910 |
_adbm _bsag _csag _d20190320 |
||
| 942 |
_2ddc _cBOOK |
||
| 994 |
_aC0 _bPEPRU |
||
| 596 | _a1 | ||
| 999 |
_a270.6 R3 _wLC _c31250 _i80084 _f2021-11-11 _g2 _lCCODEBUL1 _mBUL _p14.97 _r0 _sY _tBOOK _u2019-3-20 _xTEOLOGIA _PP35 _0DONACION _o.STAFF. Colección Teología _d31250 |
||
| 980 |
_818226 _gJaime Vilcazán Jefe de Análisis Documental |
||